Εργαλεία διαχείρισης έργων στη διαχείριση καινοτομίας : [πτυχιακή εργασία]

Αποθηκεύτηκε σε:
Λεπτομέρειες βιβλιογραφικής εγγραφής
Κύριος συγγραφέας: Χατζηστεφάνου, Ειρήνη
Συγγραφή απο Οργανισμό/Αρχή: Πανεπιστήμιο Αιγαίου Σχολή Επιστημών της Διοίκησης Τμήμα Διοίκησης Επιχειρήσεων - Τ.Δ.Ε
Άλλοι συγγραφείς: Κούτσικος, Κωνσταντίνος (Εισηγητής διατριβής)
Μορφή: Thesis Βιβλίο
Γλώσσα:Greek
Δημοσίευση: 2013
Θέματα:
Διαθέσιμο Online:http://hdl.handle.net/11610/6733
Ετικέτες: Προσθήκη ετικέτας
Δεν υπάρχουν, Καταχωρήστε ετικέτα πρώτοι!

MARC

LEADER 00000cam a2200000 i 4500
001 1/48607
008 140603s2013 gre d
035 |l 10117856 
040 |a GR-MY-UA  |b gre  |e aacr 
041 0 |a gre 
082 0 |a 658.404  |2 (23) 
100 1 |a Χατζηστεφάνου, Ειρήνη. 
245 1 0 |a Εργαλεία διαχείρισης έργων στη διαχείριση καινοτομίας :  |b [πτυχιακή εργασία] /  |c Ειρήνη Χατζηστεφάνου ; επιβλέπων καθηγητής Κωνσταντίνος Κούτσικος 
260 |c 2013 
300 |a 101 σ.;  |b εγχρ. εικ.;  |c 30 εικ. 
502 # # |a Πτυχιακή εργασία – Πανεπιστήμιο Αιγαίου, Χίος, 2013. 
650 0 0 |a Project management. 
650 0 0 |a Technological innovations  |x Management. 
650 0 0 |a Dissertations, Academic  |z Greece. 
700 1 |a Κούτσικος, Κωνσταντίνος.  |4 ths 
710 1 |a Πανεπιστήμιο Αιγαίου  |b Σχολή Επιστημών της Διοίκησης  |b Τμήμα Διοίκησης Επιχειρήσεων - Τ.Δ.Ε. 
852 |a INST  |b CHIOS  |c DIATR  |e 20140603  |h 658.404 ΧΑΤ  |p 005200034819  |q 005200034819  |t DIE  |y 23 
852 |a INST  |b CHIOS  |c DIATR  |e 20140603  |h 658.404 ΧΑΤ  |p 005200034820  |q 005200034820  |t DIE  |y 23 
856 |u http://hdl.handle.net/11610/6733 
901 |a BIBL2-2014-2 
909 |a Χ  |b 179645 
909 |a Χ  |b 179646 
924 |a ΧΑΤΖΗΣΤΕΦΑΝΟΥ  |b ΕΙΡΗΝΗ  |y ΧΙΟΣ  |z 2013-07 
970 |a ΣΠΕΝΤΖΑ  |b ΕΛΕΝΗ  |z 2014/06/03